Oftalmorevmatologie

Bibliographic Details
Main Authors: Kozák, Igor, 1971- (Author), Rovenský, Jozef, 1943-2024 (Author), Štvrtinová, Viera, 1958- (Author), Franeková, Lenka (Author)
Format: Book
Language:Czech
PhysicalDescription:287 s. fotogr., ilustr., tab. 23 cm
Published: Praha Galén [2017]
ISBN:9788074922947
Edition:1. vyd.
Subjects:

MARC

LEADER 00000nam a2200000 a 4500
001 vtls011634633
003 SK-MaSNL
005 20260302020325.0
008 240318s2017 xr oa f 001 0 cze
015 |a SNBZSA2017/07 
020 |a 9788074922947  |q (brožované) 
035 |a urn:nbn:sk:snk-am00djvp 
035 |a urn:nbn:sk:snk-am3i4lh 
035 |a C2BBA2C3-BE76-4E4F-9AC1-5D33307F59E0 
040 |a SNK  |b slo  |c SNK  |e AACR2 
041 0 |a cze 
044 |a xr  |c CZ 
072 7 |a 616  |x Patológia. Klinická medicína  |2 konspekt 
080 |a 616-002.77  |2 2011 
080 |a 617.7  |2 2011 
080 |a 616-06  |2 2011 
080 |a (048.8:082)  |2 2011 
100 1 |a Kozák, Igor,  |d 1971-  |4 aut  |9 10161 
245 1 0 |a Oftalmorevmatologie  |c Igor Kozák, Jozef Rovenský, Viera Štvrtinová, Lenka Franeková et al. 
250 |a 1. vyd. 
260 |a Praha  |b Galén  |c [2017] 
300 |a 287 s.  |b fotogr., ilustr., tab.  |c 23 cm 
504 |a Bibliogr. odkazy ; register 
521 8 |a Určené odbornej verejnosti 
650 0 7 |a reumatické choroby  |2 SNKPH  |9 28266 
650 0 7 |a Rheumatic diseases  |2 SNKPHeng  |9 335107 
650 0 7 |a očné choroby  |2 SNKPH  |9 1166 
650 0 7 |a Eye diseases  |2 SNKPHeng  |9 305697 
650 0 7 |a komplikácie (medicína)  |2 SNKPH  |9 88337 
650 0 7 |a Complications of diseases  |2 SNKPHeng  |9 313944 
650 0 7 |a reumatológia  |2 SNKPH  |9 17152 
650 0 7 |a Rheumatology  |2 SNKPHeng  |9 268612 
655 7 |a kolektívne monografie  |2 SNKPH  |9 249850 
655 7 |a Collective monographs  |2 SNKPHeng  |9 125747 
700 1 |a Rovenský, Jozef,  |d 1943-2024  |4 aut  |9 189097 
700 1 |a Štvrtinová, Viera,  |d 1958-  |4 aut  |9 190353 
700 1 |a Franeková, Lenka  |4 aut  |9 357585 
919 |a 978-80-7492-294-7 
958 |a ZS 
958 |a NB 
999 |c 1024668  |d 1026598 
952 |a SNK  |b SNK  |y PREZ  |7 0  |p 17A1260225  |o snkSC 175087  |i snk2017/14442  |8 4  |g 16.58  |0 0  |1 0  |4 0  |d 2017-06-06  |f 1  |l 0  |r 2025-09-16 00:00:00  |w 2026-02-24 
952 |a SNK  |b SNK  |y VYP  |7 0  |p 17A1260226  |o snkSC 175087 D1  |i snk2017/14443  |8 4  |g 16.58  |0 0  |1 0  |4 0  |d 2017-06-06  |l 0  |r 2026-02-24 13:35:22  |w 2026-02-24